Strategic management and competitive advantage : concepts and cases /
محفوظ في:
| المؤلف الرئيسي: | |
|---|---|
| مؤلفون آخرون: | |
| التنسيق: | كتاب |
| منشور في: |
Upper Saddle River, N.J. :
Pearson/Prentice Hall,
c2008.
|
| الطبعة: | 2nd ed. |
| الموضوعات: | |
| الوسوم: |
إضافة وسم
لا توجد وسوم, كن أول من يضع وسما على هذه التسجيلة!
|
MARC
| LEADER | 00000cam a2200000 a 4500 | ||
|---|---|---|---|
| 020 | |a 9788120333772 |c TZS 18,502.30 | ||
| 040 | |a MUL |b eng |e AACR | ||
| 082 | 0 | 0 | |a 658.4012 BAR |
| 100 | 1 | |a Barney, Jay B. | |
| 245 | 1 | 0 | |a Strategic management and competitive advantage : |b concepts and cases / |c Jay B. Barney and William S. Hesterly. |
| 250 | |a 2nd ed. | ||
| 260 | |a Upper Saddle River, N.J. : |b Pearson/Prentice Hall, |c c2008. | ||
| 300 | |a xv, 380 p. : |b ill. ; |c 27 cm. | ||
| 504 | |a Includes bibliographical references and indexes. | ||
| 546 | |a eng | ||
| 650 | 0 | |a Strategic planning |v Case studies. | |
| 650 | 0 | |a Business planning |v Case studies. | |
| 650 | 0 | |a Industrial management |v Case studies. | |
| 650 | 0 | |a Competition |v Case studies. | |
| 700 | 1 | |a Hesterly, William S. | |
| 942 | |c BK | ||
| 999 | |c 10277 |d 10277 | ||